000 00546nam a2200217Ia 4500
003 OSt
005 20220924153648.0
006 a|||||r|||| 00| 0
007 ta
008 220923b |||||||| |||| 00| 0 urd d
024 _a351147
037 _cTextual
040 _aARTS
_cARTS
_burd
041 _2urd
_aurd
082 _aO168, P2
100 _aMehdi Sughra Au.
245 0 _aUrdu novelon mein aurat ki samaji haisiyat
260 _c2002
942 _hO168, P2
_cTEXL
_2CC
999 _c474378
_d474378